| 000 | 00861nam a2200265Ia 4500 | ||
|---|---|---|---|
| 005 | 20260302115959.0 | ||
| 008 | 008 260114s9999 xx 000 0 eng d | ||
| 020 | _a9781509925452 | ||
| 037 | _aTextbook | ||
| 040 | _aCRL | ||
| 040 | _beng | ||
| 040 | _cCRL | ||
| 041 | _2eng | ||
| 041 | _aeng | ||
| 084 | _qCRL | ||
| 100 | _aJan H Dalhuisen | ||
| 245 | 0 | _aDalhuisen on Transnational Comparative, Commercial, Financial and Trade Law Volume 1 The Transnationalisation of Commercial and Financial Law and of Commercial, Financial and Investment Dispute Resolution. The New Lex Mercatoria and its Sources | |
| 260 | _bBloomsbury | ||
| 260 | _bHart Publishing | ||
| 260 | _c2019 | ||
| 650 | _aLaw | ||
| 856 | _uhttps://doi.org/10.5040/9781509925452?locatt=label:secondary_bloomsburyCollections | ||
| 942 | _cEBOOK | ||
| 999 |
_c1688139 _d1688139 |
||